00365nam a2200121Ia 4500008004100000020002200041041000800063082002400071100001300095245008000108260004600188300000900234230411s9999 xx 000 0 und d a978-81-8450-194-0 aeng aAD/610.6/GOE/B05892 aGoel S L aEmerging and Thrust Areas of Health Care System and Hospital Administration bDeep & Deep PublicationsaNew Delhic2010 a408p